00576nam a2200205Ia 4500003000400000005001700004008004100021040000700062041000800069082001300077100002300090245002200113260001700135300000900152650002200161700002300183942001300206999001900219952013200238OSt20251115110013.0250729s2005 xx 000 0 und d cAL aeng a910 MALG aMallappa P9224401 aII PUC geography  aMysorec2005 a288p aGeography9224402 aSylvetta M9224403 2ddccBED c236389d236389 00104070aALbALd2025-07-29eSchool Book Companyg125.00l0o910 MALGpBED01708r2025-07-29 16:54:47v125.00w2025-07-29yBK